Joyfull training and learning (Record no. 174556)
[ view plain ]
| 000 -LEADER | |
|---|---|
| fixed length control field | 00530nam a2200205Ia 4500 |
| 003 - CONTROL NUMBER IDENTIFIER | |
| control field | OSt |
| 005 - DATE AND TIME OF LATEST TRANSACTION | |
| control field | 20230530162643.0 |
| 008 - FIXED-LENGTH DATA ELEMENTS--GENERAL INFORMATION | |
| fixed length control field | 210423s1996 xx 000 0 und d |
| 040 ## - CATALOGING SOURCE | |
| Transcribing agency | AL |
| 041 ## - LANGUAGE CODE | |
| Language code of text/sound track or separate title | eng |
| 082 ## - DEWEY DECIMAL CLASSIFICATION NUMBER | |
| Classification number | 307.14 |
| Edition number | 23 |
| Item number | SRIJ |
| 100 ## - MAIN ENTRY--PERSONAL NAME | |
| Personal name | SIDHARAM (K V) |
| 9 (RLIN) | 117384 |
| 245 ## - TITLE STATEMENT | |
| Title | Joyfull training and learning |
| 260 ## - PUBLICATION, DISTRIBUTION, ETC. | |
| Place of publication, distribution, etc. | Orissa |
| Name of publisher, distributor, etc. | Anugraha Publications |
| Date of publication, distribution, etc. | 1996 |
| 300 ## - PHYSICAL DESCRIPTION | |
| Extent | v,26 |
| Other physical details | PB |
| 650 ## - SUBJECT ADDED ENTRY--TOPICAL TERM | |
| Topical term or geographic name entry element | Communities |
| 9 (RLIN) | 117385 |
| 650 ## - SUBJECT ADDED ENTRY--TOPICAL TERM | |
| Topical term or geographic name entry element | Sociology |
| 9 (RLIN) | 117386 |
| 906 ## - LOCAL DATA ELEMENT F, LDF (RLIN) | |
| a | Joyfull ; learning ; training |
| 942 ## - ADDED ENTRY ELEMENTS (KOHA) | |
| Source of classification or shelving scheme | Dewey Decimal Classification |
| Koha item type | Book |
| Withdrawn status | Lost status | Damaged status | Not for loan | Collection code | Home library | Current library | Date acquired | Total Checkouts | Full call number | Barcode | Date last seen | Price effective from | Koha item type | Public note |
|---|---|---|---|---|---|---|---|---|---|---|---|---|---|---|
| Discarded | MSW | St Aloysius PG Library | St Aloysius PG Library | 08/24/2006 | 307.14 SRIJ | PG021239 | 04/26/2021 | 04/26/2021 | Book | Discarded |